[Event "XIV American Continental-ch 2019"]
[Site "Sao Paulo"]
[Date "2019.07.10"]
[Round "8.24"]
[White "Fernandez, Maria Florencia"]
[Black "Sarkar, Justin"]
[Result "0-1"]
[WhiteElo "2220"]
[BlackElo "2389"]
[Annotator "RC"]
[PlyCount "58"]
[EventDate "2019.07.05"]
[EventType "swiss"]
[EventCountry "BRA"]
[TimeControl "40/5400+30:1800+30"]

1. d4 {[%emt 0:03:27]} d5 {[%emt 0:02:34]} 2. c4 {[%emt 0:00:11]} dxc4 {[%emt 0:00:15]} 3. e4 {[%emt 0:00:16]} e5 {[%emt 0:00:30]} 4. d5 {[%emt 0:03:41]} Nf6 {[%emt 0:00:49]} 5. Nc3 {[%emt 0:00:28]} b5 {[%emt 0:00:47]} 6. Qc2 {[%emt 0:06:08]} c6 {[%emt 0:07:43]} 7. Bg5 {[%emt 0:03:52]} h6 {[%emt 0:12:31]} 8. Bxf6 {[%emt 0:13:21]} Qxf6 {[%emt 0:00:14]} 9. a4 {[%emt 0:04:48]} Bb4 {[%emt 0:18:16]} 10. axb5 {[%emt 0:08:22]} cxb5 {[%emt 0:00:18]} 11. Nf3 {[%emt 0:08:48]} Nd7 {[%emt 0:03:54]} 12. Be2 {[%emt 0:03:21]} a6 {[%emt 0:02:51]} 13. O-O {[%emt 0:00:49]} Rb8 {[%emt 0:00:21]} 14. Nd1 {[%emt 0:10:49]} Nc5 {[%emt 0:02:32]} 15. Ne3 {[%emt 0:01:10]} Nb3 {[%emt 0:00:47]} 16. Rab1 {[%emt 0:06:39]} O-O {[%emt 0:01:33]} 17. h3 {[%emt 0:02:12]} Nd4 {[%emt 0:16:12]} 18. Qd1 {[%emt 0:00:35]} Nxe2+ {[%emt 0:02:32]} 19. Qxe2 {[%emt 0:00:05]} Qf4 {[%emt 0:00:54]} 20. Nc2 {[%emt 0:04:46]} Bc5 {[%emt 0:00:11]} 21. Kh1 {[%emt 0:02:10]} a5 {[%emt 0:02:43]} 22. Rbd1 {[%emt 0:00:58]} a4 {[%emt 0:01:52]} 23. d6 {[%emt 0:01:02]} Bb7 {[%emt 0:02:54]} 24. Rfe1 {[%emt 0:02:27]} Rfd8 {[%emt 0:05:34]} 25. g3 {[%emt 0:02:10]} Qf6 {[%emt 0:00:15]} 26. d7 {[%emt 0:00:11]} Qe6 {[%emt 0:01:35]} 27. Kg2 {[%emt 0:00:14]} Bc6 {[%emt 0:00:12]} 28. Ne3 {[%emt 0:01:53]} Bxe4 {[%emt 0:01:17]} 29. Ng4 {[%emt 0:00:24]} f5 {[%emt 0:00:40]} 0-1

[Event "XIV American Continental-ch 2019"]
[Site "Sao Paulo"]
[Date "2019.07.11"]
[Round "9.1"]
[White "Fier, Alexandr"]
[Black "Iturrizaga Bonelli, Eduardo"]
[Result "0-1"]
[WhiteElo "2547"]
[BlackElo "2625"]
[Annotator "RC"]
[PlyCount "72"]
[EventDate "2019.07.05"]
[EventType "swiss"]
[EventCountry "BRA"]
[TimeControl "40/5400+30:1800+30"]

1. d4 {[%emt 0:00:00]} Nf6 {[%emt 0:00:00]} 2. c4 {[%emt 0:00:00]} e6 {[%emt 0:00:00]} 3. Nc3 {[%emt 0:00:00]} Bb4 {[%emt 0:00:00]} 4. f3 {[%emt 0:00:00]} d5 {[%emt 0:04:16]} 5. a3 {[%emt 0:00:00]} Bxc3+ {[%emt 0:00:47]} 6. bxc3 {[%emt 0:00:00]} c5 {[%emt 0:02:52]} 7. cxd5 {[%emt 0:00:00]} exd5 {[%emt 0:00:43]} 8. e3 {[%emt 0:00:03]} c4 {[%emt 0:00:14]} 9. Ne2 {[%emt 0:00:05]} Nc6 {[%emt 0:01:00]} 10. g4 {[%emt 0:01:41]} Na5 {[%emt 0:01:50]} 11. Bg2 {[%emt 0:00:32]} Nd7 {[%emt 0:07:45]} 12. O-O {[%emt 0:02:05]} Nb6 {[%emt 0:02:19]} 13. Nf4 {[%emt 0:05:03]} O-O {[%emt 0:02:04]} 14. e4 {[%emt 0:06:34]} Nb3 {[%emt 0:05:12]} 15. Rb1 {[%emt 0:01:40]} Bd7 {[%emt 0:03:01]} 16. e5 f6 {[%emt 0:13:04]} 17. Re1 {[%emt 0:14:43]} Re8 {[%emt 0:07:13]} 18. Nh5 {[%emt 0:03:27]} Na4 {[%emt 0:02:36]} 19. Qc2 {[%emt 0:13:09]} fxe5 {[%emt 0:14:10]} 20. dxe5 {[%emt 0:02:54]} Qb6+ {[%emt 0:00:40]} 21. Kh1 {[%emt 0:09:08]} Qg6 {[%emt 0:00:09]} 22. Rb2 {[%emt 0:00:13]} Nxb2 {[%emt 0:04:56]} 23. Qxb2 Rad8 {[%emt 0:02:19]} 24. Bf4 {[%emt 0:04:25]} Bc6 {[%emt 0:01:55]} 25. Rd1 {[%emt 0:04:33]} Nc5 {[%emt 0:01:53]} 26. Qe2 {[%emt 0:01:24]} Nd3 {[%emt 0:01:23]} 27. Qe3 {[%emt 0:00:04]} Rd7 {[%emt 0:03:18]} 28. Bg3 {[%emt 0:01:16]} Rde7 {[%emt 0:00:52]} 29. Qxa7 {[%emt 0:02:52]} Nxe5 {[%emt 0:00:12]} 30. Qd4 {[%emt 0:01:35]} Nd3 {[%emt 0:00:12]} 31. h3 {[%emt 0:00:11]} Qe6 {[%emt 0:01:25]} 32. Nf4 {[%emt 0:05:23]} Nxf4 {[%emt 0:00:31]} 33. Bxf4 {[%emt 0:00:12]} Qf6 {[%emt 0:00:12]} 34. Kh2 {[%emt 0:01:59]} Re2 {[%emt 0:01:10]} 35. Qxf6 {[%emt 0:04:02]} gxf6 {[%emt 0:00:05]} 36. Rc1 {[%emt 0:00:10]} d4 {[%emt 0:00:23]} 0-1

[Event "XIV American Continental-ch 2019"]
[Site "Sao Paulo"]
[Date "2019.07.11"]
[Round "9.2"]
[White "Pichot, Alan"]
[Black "Delgado Ramirez, Neuris"]
[Result "1/2-1/2"]
[WhiteElo "2579"]
[BlackElo "2605"]
[Annotator "TA"]
[PlyCount "65"]
[EventDate "2019.07.05"]
[EventType "swiss"]
[EventCountry "BRA"]
[SourceTitle "playchess.com"]
[Source "ChessBase"]
[SourceQuality "1"]

{[%evp 9,65,22,16,7,22,15,18,12,20,7,32,30,29,16,25,29,24,16,19,18,41,35,50,35,37,29,51,29,29,27,28,13,14,11,31,10,22,0,0,-4,20,8,23,16,14,15,2,0,0,0,9,0,31,29,62,64,96,18]} 1. e4 e5 2. Nf3 Nf6 3. Nxe5 d6 4. Nd3 Nxe4 5. Qe2 Qe7 6. Nf4 {[#] Strongly threatening Nd5. C42: Petroff Defence: 3 Nxe5 and unusual White 3rd moves} (6. Nc3 Nf6 7. Nf4 c6 8. d4 Qxe2+ 9. Bxe2 d5 10. O-O Bd6 11. Bd3 O-O {1-0 (57) Harikrishna,P (2723)-Yu,Y (2751) Shenzhen 2019}) 6... Nf6 (6... Nc6 {looks sharper.} 7. Nd5 Nd4 8. Nxe7 Nxe2 9. Nd5 Nd4) 7. d4 Qxe2+ 8. Bxe2 {The position is equal.} Bf5 9. c3 Be7 10. O-O O-O 11. f3 $146 ({Predecessor:} 11. Re1 Re8 12. Bd3 {½-½ (12) Bernadskiy,V (2570)-Xu,X (2565) Lisbon 2019}) 11... Re8 12. g4 Bc8 13. Bd3 c6 14. Na3 d5 15. Nc2 h6 16. Bd2 Nbd7 {[%cal Bb8d7,Bd7f8,Bf8e6][%mdl 32]} 17. Ne3 Nf8 18. Nf5 Bxf5 19. Bxf5 N6d7 20. Ng2 Nb6 21. Rae1 Bd6 22. Bd3 Ne6 23. h4 c5 24. dxc5 Nxc5 25. Bc2 Nc4 26. Bc1 Rxe1 27. Rxe1 Ne5 28. Rd1 Nxf3+ 29. Kf2 $1 {[%cal Rf2f3]} Ne5 $132 {[%mdl 2048] Black puts up resistance} 30. Ne3 Be7 31. Kg3 {[%mdl 1024] White has compensation.} Ne4+ 32. Kg2 Bc5 {[#]} 33. Rxd5 {Accuracy: White = 49%, Black = 51%.} ({White should try} 33. Nf5 $1 $16 Nf6 34. g5) 1/2-1/2

[Event "XIV American Continental-ch 2019"]
[Site "Sao Paulo"]
[Date "2019.07.11"]
[Round "9.3"]
[White "Gonzalez Vidal, Yuri"]
[Black "Mekhitarian, Krikor Sevag"]
[Result "1/2-1/2"]
[WhiteElo "2547"]
[BlackElo "2545"]
[Annotator "RC"]
[PlyCount "43"]
[EventDate "2019.07.05"]
[EventType "swiss"]
[EventCountry "BRA"]
[SourceTitle "playchess.com"]
[Source "ChessBase"]
[SourceQuality "1"]
[TimeControl "40/5400+30:1800+30"]

1. e4 {[%emt 0:00:00]} e5 {[%emt 0:00:00]} 2. Nf3 {[%emt 0:00:00]} Nc6 {[%emt 0:00:00]} 3. Bb5 {[%emt 0:00:04]} Nf6 {[%emt 0:00:00]} 4. d3 {[%emt 0:00:45]} Bc5 {[%emt 0:00:00]} 5. Bxc6 {[%emt 0:02:22]} dxc6 {[%emt 0:00:00]} 6. Nbd2 {[%emt 0:02:10]} O-O {[%emt 0:00:18]} 7. Qe2 {[%emt 0:00:44]} Re8 {[%emt 0:01:12]} 8. Nc4 {[%emt 0:00:59]} Nd7 {[%emt 0:00:02]} 9. Rg1 {[%emt 0:00:33]} Bb4+ {[%emt 0:00:15]} 10. Bd2 {[%emt 0:02:20]} Bxd2+ {[%emt 0:00:09]} 11. Qxd2 {[%emt 0:01:56]} Qf6 {[%emt 0:00:02]} 12. O-O-O {[%emt 0:11:23]} a5 {[%emt 0:00:42]} 13. Kb1 {[%emt 0:01:25]} b5 {[%emt 0:04:44]} 14. Ne3 {[%emt 0:03:01]} Nc5 {[%emt 0:01:46]} 15. h3 {[%emt 0:08:15]} a4 16. Qc3 Na6 {[%emt 0:50:10]} 17. d4 {[%emt 0:21:54]} exd4 {[%emt 0:00:28]} 18. Nxd4 {[%emt 0:00:34]} b4 {[%emt 0:05:50]} 19. Qc4 {[%emt 0:11:15]} Rxe4 {[%emt 0:01:56]} 20. Qxc6 {[%emt 0:01:01]} Qxc6 {[%emt 0:01:20]} 21. Nxc6 {[%emt 0:00:04]} Be6 {[%emt 0:02:54]} 22. Rd4 {[%emt 0:08:19]} 1/2-1/2

[Event "XIV American Continental-ch 2019"]
[Site "Sao Paulo"]
[Date "2019.07.11"]
[Round "9.4"]
[White "Gareyev, Timur"]
[Black "Salinas Herrera, Pablo"]
[Result "1/2-1/2"]
[WhiteElo "2588"]
[BlackElo "2498"]
[Annotator "TA"]
[PlyCount "70"]
[EventDate "2019.07.05"]
[EventType "swiss"]
[EventCountry "BRA"]
[SourceTitle "playchess.com"]
[Source "ChessBase"]
[SourceQuality "1"]

{[%evp 9,70,22,29,22,33,21,26,16,27,24,20,2,4,12,11,0,8,13,21,12,10,8,13,15,24,10,8,5,20,-4,-4,-5,-6,-8,-8,-2,0,0,0,0,0,-4,0,0,0,0,0,0,0,0,0,0,0,0,92,6,6,0,72,0,6,0,115]} 1. d4 d5 2. c4 c6 3. Nf3 Nf6 4. e3 g6 5. b3 Bg7 6. Bb2 {D70: Grünfeld: Unusual White 3rd moves (met by ...d5)} O-O 7. Nbd2 b6 (7... Bg4 8. Be2 Nbd7 9. O-O Re8 10. Rc1 a5 11. cxd5 cxd5 12. h3 Bxf3 13. Nxf3 Qb6 14. Qc2 e6 15. a4 Bf8 16. Bb5 Reb8 17. g4 h6 {1-0 (43) Rodshtein,M (2699)-Gozzoli,Y (2622) Brest 2019}) 8. Bd3 {White has an edge.} Bb7 9. O-O Nbd7 10. Qe2 c5 11. Rfd1 cxd4 12. Bxd4 Qb8 $146 {Threatens to win with ...e5.} ({Predecessor:} 12... Nc5 13. Bxc5 bxc5 14. Rac1 dxc4 15. Bxc4 Qb6 {½-½ (62) Damljanovic,B (2560)-Eslon,J (2425) Zaragoza 1994}) 13. cxd5 Nxd5 14. Bxg7 Kxg7 15. Ne4 N5f6 16. Qb2 Rd8 17. h3 Kg8 18. Nxf6+ Nxf6 19. Bc4 Bxf3 20. gxf3 Qc7 21. Rac1 {Strongly threatening Bxf7+!} Rxd1+ 22. Rxd1 Rd8 23. Rxd8+ Qxd8 24. Qe5 Kg7 25. b4 a5 26. bxa5 bxa5 27. Kg2 e6 28. Qc5 Ne8 29. Bb3 Kg8 30. Kf1 Qd3+ 31. Ke1 Qb1+ {[#]} (31... Qd8 $11) 32. Ke2 (32. Bd1 $1 $16) 32... Qb2+ $1 $11 33. Ke1 ({Better is} 33. Kf1 $11 Qb1+ 34. Kg2) 33... Qb1+ $16 {[#]} 34. Ke2 (34. Bd1 $1 $16) 34... Qb2+ $1 $11 35. Ke1 Kg7 {Accuracy: White = 52%, Black = 70%.} (35... Qb1+ $11 {remains equal.} 36. Bd1 Qf5 37. Qxf5 gxf5) 1/2-1/2

[Event "XIV American Continental-ch 2019"]
[Site "Sao Paulo"]
[Date "2019.07.12"]
[Round "9.5"]
[White "Supi, Luis Paulo"]
[Black "Vazquez, Guillermo"]
[Result "1/2-1/2"]
[WhiteElo "2562"]
[BlackElo "2483"]
[Annotator "TA"]
[PlyCount "173"]
[EventDate "2019.07.05"]
[EventType "swiss"]
[EventCountry "BRA"]
[SourceTitle "playchess.com"]
[Source "ChessBase"]
[SourceQuality "1"]

{[%evp 9,173,3,12,16,4,12,0,10,36,17,43,10,20,0,0,0,0,0,9,6,20,-9,0,0,20,16,16,13,12,11,10,0,0,0,0,0,0,0,0,0,0,0,0,-3,-10,-9,10,17,12,15,13,0,25,29,33,27,19,47,43,8,8,8,12,12,12,15,130,131,370,411,393,382,678,670,667,659,528,359,660,597,628,586,660,247,206,70,107,8,8,8,8,8,8,8,8,8,8,8,8,8,8,8,8,0,0,0,0,0,0,0,0,0,0,0,0,0,0,0,0,0,0,0,0,0,0,0,0,0,0,0,0,0,0,0,0,0,0,0,0,0,0,0,0,0,0,0,0,0,0,0,0,0,0,0,0,0,0,0,0,0,0,0,0,-4,-4,-4]} 1. e4 c5 2. Nf3 e6 3. b3 a6 4. Bb2 Nc6 5. c4 Qc7 (5... Nf6 6. e5 Ng4 7. h3 Nh6 8. g4 d6 9. Bg2 dxe5 10. Nxe5 Nxe5 11. Bxe5 f6 12. Bb2 Nf7 13. d4 cxd4 14. Qxd4 {0-1 (32) Onischuk,V (2637)-Svidler,P (2765) Riadh 2017}) 6. g3 {B40: Sicilian: 2...e6, Unusual lines} Nf6 7. e5 Ng4 {[%cal Rg4e5]} 8. Qe2 h5 9. Bg2 b6 10. h3 $146 ({Predecessor:} 10. O-O Bb7 11. h3 Nh6 12. Nc3 Nf5 {½-½ (36) Fogarasi,T (2421)-Szuk,B (2420) Hungary 2009}) 10... Nh6 11. Nc3 Bb7 12. Ne4 Nf5 13. O-O d6 14. exd6 Bxd6 15. Rad1 Be7 16. b4 Rd8 17. bxc5 bxc5 18. d3 Ba8 19. h4 Qd7 20. Rfe1 Ncd4 21. Bxd4 Nxd4 22. Nxd4 Qxd4 23. Nd2 Bxg2 24. Nb3 Qc3 25. Kxg2 O-O 26. Rc1 Qxd3 27. Qxh5 g6 28. Qe5 Qf5 29. Qxf5 gxf5 30. Rcd1 f4 31. gxf4 Bxh4 32. Kf3 Rxd1 33. Rxd1 $11 {[%mdl 4096] Endgame Black must now prevent Rg1+. KRB-KRN} Rb8 34. Rg1+ (34. Nxc5 $5 {[%cal Rd1g1]} Rb2 35. Nd7 $14 (35. Nxa6 Rxf2+ 36. Kg4 Be7 $11)) 34... Kf8 35. Rh1 Bf6 36. Nxc5 {Threatens to win with Nd7+.} Rb2 37. Ne4 Bd4 (37... Be7 $11) 38. Rd1 $16 f5 $2 (38... e5 $16 {keeps fighting.}) 39. Rxd4 $18 fxe4+ 40. Rxe4 Rxa2 $2 (40... Kf7 41. Re2 Rb4) 41. Rxe6 {KR-KR} Rc2 42. Rc6 a5 43. Ke4 $1 a4 $2 {[#]} (43... Ke8 44. f3 Kd7) 44. f3 $1 a3 {[#]} 45. Kd5 $1 a2 46. Ra6 Kf7 47. c5 ({White should try} 47. Kc5 $18) 47... Ke7 48. f5 (48. c6 $16) 48... Kf7 $11 {The position is equal.} 49. f4 Rd2+ 50. Kc4 Rc2+ 51. Kd4 Rb2 52. f6 Rc2 53. Kd5 Re2 54. Kc4 {Hoping for Kb3.} Rc2+ 55. Kd4 Kg6 56. f5+ Kf7 57. Kd5 Rd2+ 58. Kc4 {next Kb3 is good for White.} Rb2 59. Kc3 Rb5 60. Kc4 Rb2 61. Kd3 Rb5 62. Kd4 Rb2 63. Kd5 Rd2+ 64. Ke5 Re2+ 65. Kd6 Kxf6 66. c6 {aiming for c7.} Rd2+ 67. Kc5 Rc2+ 68. Kb6 Kxf5 69. c7 Rb2+ 70. Kc6 Rc2+ 71. Kd6 {Rxa2! is the strong threat.} Rd2+ 72. Ke7 Re2+ 73. Kd7 Rd2+ 74. Ke7 Re2+ 75. Kd7 Rd2+ 76. Kc8 (76. Kc6 {is more complex.} Rc2+) 76... Rc2 77. Ra5+ Kf4 78. Ra4+ Kf5 79. Ra6 Kg5 80. Ra7 Kf4 81. Ra5 Kg4 82. Kd7 Rd2+ 83. Ke6 Rc2 84. Kd6 Rd2+ 85. Ke5 Rc2 86. Rxa2 Rxc7 87. Ke4 {Accuracy: White = 62%, Black = 58%.} 1/2-1/2

[Event "XIV American Continental-ch 2019"]
[Site "Sao Paulo"]
[Date "2019.07.11"]
[Round "9.6"]
[White "Roselli Mailhe, Bernardo"]
[Black "Perez Ponsa, Federico"]
[Result "0-1"]
[WhiteElo "2471"]
[BlackElo "2560"]
[Annotator "TA"]
[PlyCount "72"]
[EventDate "2019.07.05"]
[EventType "swiss"]
[EventCountry "BRA"]
[SourceTitle "playchess.com"]
[Source "ChessBase"]
[SourceQuality "1"]

{[%evp 27,72,27,33,35,42,-8,-1,-20,-22,-22,0,-17,0,0,54,62,58,0,0,0,0,0,59,58,36,0,0,-77,-75,-67,-79,-260,-255,-228,-195,-498,-459,-461,-455,-553,-595,-590,-582,-29987,-29988,-29988,-29989]} 1. d4 Nf6 2. c4 g6 3. Nc3 Bg7 4. e4 d6 5. Nf3 O-O 6. Be2 e5 7. d5 a5 8. Bg5 h6 9. Bh4 Na6 10. Nd2 Qe8 11. O-O Nh7 12. a3 Bd7 13. b3 h5 14. f3 Bf6 15. Bxf6 {E92: King's Indian: Classical: 6 Be2 e5: 7 dxe5, 7 Be3 and Petrosian System without 7...Nbd7} (15. Bf2 Qe7 16. Rb1 Bh4 17. b4 Bxf2+ 18. Rxf2 axb4 19. axb4 c5 20. bxc5 Nxc5 21. Nb3 Ba4 22. Nxa4 Nxa4 {0-1 (50) Zhao,J (2601)-Li,S (2495) China 2018}) 15... Nxf6 16. Qc2 Qe7 17. Qb2 $146 {The position is equal.} ({Predecessor:} 17. Rab1 Kg7 18. b4 axb4 19. axb4 Rh8 20. Qd3 Rh6 21. Qe3 Rah8 22. c5 dxc5 23. Bxa6 bxa6 24. Qxc5 {0-1 (55) Villanueva,M (2015)-Zuriel,M (2141) Florida 2001}) 17... h4 18. f4 h3 19. g3 $1 Ng4 20. Nd1 f5 (20... exf4 $1 $11 21. Bxg4 Bxg4) 21. Bxg4 $14 fxg4 22. b4 (22. fxe5 $14 dxe5 23. Ne3) 22... exf4 $11 23. gxf4 axb4 24. axb4 c5 ({Black should try} 24... Rae8 $11) 25. dxc6 $14 bxc6 26. Qc3 d5 27. c5 (27. exd5 $11 cxd5 28. b5) 27... Nc7 $17 {[%cal Ba6c7,Bc7b5,Bb5c3,Bc3e2][%mdl 32]} 28. Rxa8 Rxa8 29. Ne3 $2 (29. f5 $17) 29... Nb5 $1 $19 {[%cal Rb5c3]} ({Not} 29... dxe4 30. Qc4+ Qe6 31. Nxe4 $11) 30. Qb2 d4 ({Weaker is} 30... dxe4 31. f5 $11) 31. Nec4 $2 {[#]} (31. Nc2 Qf7 32. Nb3) 31... Nc3 $1 {...Ra2 is the strong threat.} 32. Ra1 Rf8 33. Ne5 Ne2+ 34. Kh1 {[#]} Qh4 $1 {[%cal Rh4f2] ( -> ...Qf2)} 35. Qa2+ Kg7 36. Qa7 {[#]} Rf7 $1 {[%mdl 512] Accuracy: White = 32%, Black = 70%.} 0-1

[Event "XIV American Continental-ch 2019"]
[Site "Sao Paulo"]
[Date "2019.07.11"]
[Round "9.7"]
[White "Lima, Darcy"]
[Black "Perdomo, Leandro"]
[Result "1/2-1/2"]
[WhiteElo "2543"]
[BlackElo "2468"]
[Annotator "RC"]
[PlyCount "28"]
[EventDate "2019.07.05"]
[EventType "swiss"]
[EventCountry "BRA"]
[SourceTitle "playchess.com"]
[Source "ChessBase"]
[SourceQuality "1"]
[TimeControl "40/5400+30:1800+30"]

1. e4 {[%emt 0:00:00]} e5 {[%emt 0:00:00]} 2. Nf3 {[%emt 0:00:00]} Nc6 {[%emt 0:00:00]} 3. Bc4 {[%emt 0:01:11]} Nf6 {[%emt 0:00:00]} 4. Ng5 {[%emt 0:01:04]} d5 {[%emt 0:00:00]} 5. exd5 {[%emt 0:00:06]} Na5 {[%emt 0:00:00]} 6. Bb5+ {[%emt 0:00:36]} Bd7 {[%emt 0:03:31]} 7. Qe2 {[%emt 0:00:59]} Be7 {[%emt 0:00:07]} 8. b4 {[%emt 0:00:28]} Bxb4 {[%emt 0:04:41]} 9. Qxe5+ {[%emt 0:01:15]} Qe7 {[%emt 0:15:18]} 10. Qxe7+ {[%emt 0:00:55]} Bxe7 {[%emt 0:00:47]} 11. Bxd7+ {[%emt 0:00:27]} Nxd7 {[%emt 0:00:07]} 12. Ne4 {[%emt 0:00:20]} Nf6 {[%emt 0:09:55]} 13. Nbc3 {[%emt 0:07:20]} Nxe4 {[%emt 0:05:11]} 14. Nxe4 {[%emt 0:00:10]} O-O-O {[%emt 0:01:34]} 1/2-1/2

[Event "XIV American Continental-ch 2019"]
[Site "Sao Paulo"]
[Date "2019.07.12"]
[Round "9.8"]
[White "Santiago, Yago De Moura"]
[Black "Garcia Pantoja, Roberto"]
[Result "0-1"]
[WhiteElo "2473"]
[BlackElo "2529"]
[Annotator "TA"]
[PlyCount "198"]
[EventDate "2019.07.05"]
[EventType "swiss"]
[EventCountry "BRA"]

{[%evp 13,198,20,39,12,6,-7,-13,0,0,0,0,0,0,-20,0,-50,-50,-39,-39,-63,-63,-66,-70,-75,-57,-21,0,0,18,0,9,-4,-4,-4,-5,0,-2,-6,-6,-55,0,0,0,0,0,0,0,-6,0,0,-4,-23,-17,-94,-91,-94,-47,-41,-43,-70,-66,-66,-48,-70,-73,-154,-156,-159,-167,-154,-150,-141,-143,-185,-178,-181,-192,-181,-180,-176,-181,-216,-207,-216,-216,-217,-216,-287,-209,-297,-296,-290,-275,-273,-244,-243,-242,-348,-343,-379,-345,-370,-362,-441,-431,-650,-650,-707,-729,-718,-652,-698,-678,-717,-706,-685,-676,-802,-802,-784,-777,-739,-739,-669,-548,-584,-541,-508,-516,-717,-662,-606,0,-578,-628,-664,-658,-640,-643,-638,-631,-556,-497,-526,-478,-536,-397,-389,0,-519,-464,-683,-662,-668,-655,-628,-602,-1261,-1347,-1301,-1271,-1211,-1196,-29978,-29979,-29979,-29980,-29982,-29983,-29983,-29984,-29984,-29983,-29982,-29981,-29981,-29982,-29984,-29985,-29985,-29986,-29988,-29985,-29985,-29986,-29990,-29991]} 1. c4 e5 2. g3 Nc6 3. Bg2 Bc5 4. Nc3 a6 5. Nf3 d6 6. O-O Nf6 7. e3 O-O 8. Nd5 $146 {A29: English Opening: Four Knights Variation with 4 g3} ({Predecessor:} 8. h3 Ba7 9. d4 h6 10. dxe5 dxe5 11. Qxd8 Rxd8 12. b3 Be6 13. Ba3 Rd7 14. Rfd1 Rad8 15. Rxd7 Rxd7 {½-½ (41) Howell,D (2676)-Ponomariov,R (2694) Riadh 2017}) 8... Ba7 9. b3 Nxd5 10. cxd5 {The position is equal.} Nb4 11. Ne1 c6 12. dxc6 Nxc6 13. Bb2 Bf5 14. Kh1 d5 15. f4 e4 16. g4 Bd7 17. d3 exd3 18. f5 d4 19. exd4 Bxd4 20. Nxd3 Qf6 21. g5 Qd6 ({Reject} 21... Qxg5 $6 22. Bxd4 Nxd4 23. Nf4 $16) 22. Nf4 Bxf5 23. Bxd4 Qxd4 ({But not} 23... Nxd4 $2 24. Nd5 $18) 24. Qxd4 Nxd4 25. Nd5 Be6 26. Nc7 Rad8 ({Black should play} 26... Ra7 $15) 27. Bxb7 $11 Bh3 $36 {[%mdl 2048] Black has good play.} 28. Rfd1 a5 29. Nd5 Ne6 30. Rd3 Bg4 31. Rg3 Bh5 32. Ne7+ Kh8 33. Bf3 (33. Be4 $11) 33... Bxf3+ $17 34. Rxf3 Nxg5 35. Rf5 h6 36. Nc6 Rd2 {Strongly threatening ...Re8.} 37. Nxa5 Re8 38. Nc4 Rc2 $1 39. Na3 (39. h4 $142 Ne4 40. Re5 Ng3+ 41. Kg1) 39... Rce2 {aiming for ...R8e4.} 40. Nc4 {[#]} R8e4 $1 {[%cal Re4h4] ...Rh4 is the strong threat.} 41. Raf1 Rxa2 {White must now prevent ...Ree2.} 42. R5f2 Ra6 43. Rd2 f6 44. Nd6 Rb4 45. Nf5 Ra7 ({Much less strong is} 45... Rxb3 46. Rd8+ Kh7 47. Rd7 $15) 46. Rd3 Kh7 47. Kg1 Rab7 48. Rb1 Ne4 49. Rc1 R7b5 50. Nd4 Rd5 51. Nc6 (51. Rc4 $142 Rb6 52. Kg2) 51... Rxd3 $19 52. Nxb4 Rxb3 {[%mdl 4096] Endgame KRN-KRN} 53. Nd5 Rd3 54. Nf4 Rd7 55. Rc8 (55. Ne2 $142) 55... g5 56. Ne6 {And now Nf8+ would win.} Rd1+ 57. Kg2 Kg6 58. Kf3 f5 59. Rf8 (59. Rc6 $142) 59... Rd3+ 60. Kg2 Rd6 61. Nc7 Rd2+ 62. Kg1 Rd7 63. Ne6 Rd6 64. Nc7 Nf6 65. Nb5 Rd1+ 66. Kg2 Rd2+ 67. Kg1 Ng4 68. h3 Ne5 69. Re8 Nf3+ 70. Kf1 f4 71. Nc3 Nh2+ 72. Kg1 Nf3+ 73. Kf1 Rd3 74. Ne2 Nh4 75. Ng1 Rd1+ 76. Kf2 Rd2+ 77. Kf1 Ra2 78. Re6+ Kg7 79. Rb6 Ra1+ 80. Kf2 Ra2+ 81. Kf1 Rh2 82. Rb5 (82. Ke1 $142) 82... Kg6 83. Rb6+ Kh5 84. Rf6 Ng2 85. Kf2 {intending Nf3.} Ne3+ 86. Ke1 Rh1 87. Kf2 {[#]} Rxh3 $1 {[%mdl 512]} 88. Rxh6+ (88. Nxh3 Ng4+) 88... Kxh6 {Black mates.} 89. Nxh3 {KN-KN} Kg6 90. Kf3 Kf5 91. Ng1 g4+ 92. Kf2 Nc4 93. Ne2 Ne5 94. Nd4+ Ke4 95. Ne2 Nd3+ 96. Kf1 g3 97. Kg1 Kf3 98. Nd4+ Kg4 99. Kg2 {[#]} f3+ $1 {[%mdl 64] Promotion. Accuracy: White = 47%, Black = 78%.} 0-1

[Event "XIV American Continental-ch 2019"]
[Site "Sao Paulo"]
[Date "2019.07.11"]
[Round "9.9"]
[White "Duran Vega, Sergio"]
[Black "Barbosa, Evandro Amorim"]
[Result "1-0"]
[WhiteElo "2364"]
[BlackElo "2506"]
[Annotator "RC"]
[PlyCount "79"]
[EventDate "2019.07.05"]
[EventType "swiss"]
[EventCountry "BRA"]
[SourceTitle "playchess.com"]
[Source "ChessBase"]
[SourceQuality "1"]
[TimeControl "40/5400+30:1800+30"]

1. d4 {[%emt 0:07:40]} Nf6 {[%emt 0:00:00]} 2. Nf3 {[%emt 0:00:11]} g6 {[%emt 0:00:24]} 3. Nbd2 {[%emt 0:00:39]} d5 {[%emt 0:02:19]} 4. e3 {[%emt 0:00:25]} Bg7 {[%emt 0:01:29]} 5. b4 {[%emt 0:00:16]} a5 {[%emt 0:00:25]} 6. b5 {[%emt 0:00:06]} c5 {[%emt 0:02:33]} 7. bxc6 {[%emt 0:00:07]} Nxc6 {[%emt 0:00:28]} 8. Be2 {[%emt 0:00:09]} O-O {[%emt 0:00:32]} 9. O-O {[%emt 0:03:35]} Bf5 {[%emt 0:04:07]} 10. c4 {[%emt 0:00:02]} a4 {[%emt 0:06:19]} 11. Ba3 Re8 {[%emt 0:29:25]} 12. Rc1 {[%emt 0:04:50]} e6 {[%emt 0:03:22]} 13. Ne5 {[%emt 0:09:12]} h5 {[%emt 0:12:49]} 14. Nxc6 {[%emt 0:07:50]} bxc6 {[%emt 0:00:08]} 15. cxd5 {[%emt 0:00:58]} exd5 {[%emt 0:01:55]} 16. Rxc6 {[%emt 0:00:53]} Qb8 {[%emt 0:00:25]} 17. Qc1 {[%emt 0:12:43]} Ng4 {[%emt 0:00:09]} 18. Bd6 {[%emt 0:02:29]} Qb7 {[%emt 0:00:15]} 19. Bf3 {[%emt 0:09:54]} Be6 {[%emt 0:02:54]} 20. Qc2 {[%emt 0:05:48]} Bh6 {[%emt 0:01:06]} 21. Rb1 {[%emt 0:10:13]} Qd7 {[%emt 0:02:32]} 22. Bxg4 {[%emt 0:01:43]} Bxg4 {[%emt 0:01:34]} 23. Rc1 {[%emt 0:00:26]} h4 {[%emt 0:01:36]} 24. h3 {[%emt 0:01:21]} Bf5 {[%emt 0:04:54]} 25. Qc3 {[%emt 0:00:02]} Rad8 {[%emt 0:09:08]} 26. Be5 {[%emt 0:02:42]} Be6 {[%emt 0:04:08]} 27. Qb4 {[%emt 0:02:30]} Bxh3 {[%emt 0:03:13]} 28. gxh3 {[%emt 0:05:35]} Qxh3 {[%emt 0:00:02]} 29. Qb5 {[%emt 0:04:22]} Bxe3 {[%emt 0:01:04]} 30. fxe3 {[%emt 0:00:15]} Qxe3+ {[%emt 0:00:06]} 31. Kf1 {[%emt 0:00:07]} Qxd2 {[%emt 0:00:46]} 32. Qe2 {[%emt 0:00:12]} Qg5 {[%emt 0:00:28]} 33. Qf3 {[%emt 0:00:46]} Re6 {[%emt 0:00:58]} 34. Bf6 {[%emt 0:01:46]} Qd2 {[%emt 0:02:17]} 35. Bxd8 {[%emt 0:00:13]} Re3 {[%emt 0:00:07]} 36. Rxg6+ {[%emt 0:02:50]} fxg6 {[%emt 0:00:21]} 37. Qxd5+ {[%emt 0:00:20]} Kf8 {[%emt 0:01:41]} 38. Qd6+ {[%emt 0:00:31]} Ke8 {[%emt 0:01:51]} 39. Qxg6+ {[%emt 0:00:06]} Kf8 {[%emt 0:00:13]} 40. Be7+ {[%emt 0:00:32]} 1-0